00688nam a22001937a 450000500170000000800420001702200130005904000250007204100080009704400070010524500420011226001440015430000320029865000320033065000380036265000330040070000310043370000300046420150121151616.0141112b ck ||||| 1999 00| 0 spa d a01241362 aCO-BoIAVHcCO-BoIAVH aspa ack aÁlbum Fauna Colombiana Vertebrados  aSanta Fe de Bogotá :bFundación Natura,bMinisterio del Medio Ambiente,bInstituto Humboldt,bMinisterio de Educación Nacional.c1999 a64 pag.bFot (col).c27 cm. aNaturalezavAlbumzColombia aFauna ColombianavAlbumzColombia aVertebradosvAlbumzColombia aRenjifo, Juan ManueleFot. aGomez, Juan RicardoeFot.